000 00416nam a2200169Ia 4500
005 20250528030720.0
008 240331s9999 xx 000 0 und d
020 _a13910949
082 _bPRA
_a303
100 _a
245 0 _aPravada
260 _aColombo
_bSocial Scientist Association
_c2002
300 _a191 p .,
500 _aconflict resolution Sri Lanka
700 _aSamaja Sangamaya.
_eedt
942 _cL
999 _c5084
_d5084